000 00385nam a22000977a 4500
100 _aअस्‍थाना,डॉ.रोहिताश्‍व
_979481
245 _aमेरे प्रिय बालगीत
260 _aदिल्‍ली
_bज्ञानधारा पब्लिकेशन
_c2019
650 _aचिल्‍ड्रन बुक
_9159
942 _cHIN
999 _c63093
_d63093